000 00485nam a22001817a 4500
005 20170224103107.0
008 170224b xxu||||| |||| 00| 0 eng d
020 _a9781138939936
040 _cPK-LaUMT
082 _a616.855
_bBAL-P
100 _aBall , Martin J.
245 _aPrinciples of clinical phonology:
_btheoretical approaches/
_cMartin J. Ball
260 _aNew York:
_bRoutledge,
_c2016
300 _a229 p.
546 _aEN
650 _aSpeech disorders
942 _cBK
999 _c91178
_d91178